000 00638nam a22002297a 4500
003 UA-OsUOA
001 55090
007 ta
008 20080808b un ||||| |||| 00| 0 ukr d
100 _aДимитров А. В.
090 _a343.95:159.9
_bД44
942 _cBK
040 _aUA-OsUOA
_brus
_cUA-OsUOA
_dUA-OsUOA
245 _aПсихология предварительного следствия
300 _a168 с.
955 _a1
041 _arus
080 _a343.95:159.9
260 _aМ.
_bМПСИ
_c2007
650 7 _a343 Кримінальне право. Карні порушення
_2UDC
999 _c341173
_d341173